Devine le mangaka - Statistiques

Statistiques générales
  • Ce quiz a été pris 42 fois
    40 depuis la dernière actualisation
  • Le résultat moyen est 13 sur 30
Statistiques - réponses
Manga Mangaka % Correct
One Piece Eiichiro Oda
100%
Dragon Ball, Dr. Slump Akira Toriyama
91%
Naruto Masashi Kishimoto
91%
Shingeki no Kyojin Hajime Isayama
70%
Bleach Tite Kubo
70%
JoJo's Bizarre Adventure Hirohiko Araki
65%
Berserk Kentaro Miura
65%
My Hero Academia Kohei Horikoshi
65%
Jujutsu Kaisen Gege Akutami
61%
Hunter X Hunter, Yu Yu Hakusho Yoshihiro Togashi
61%
Chainsaw Man, Fire Punch Tatsuki Fujimoto
57%
Slam Dunk, Vagabond, Real Takehiko Inoue
52%
Sun-Ken Rock, Dr. Stone, Origin Boichi
48%
Fairy Tail Hiro Mashima
48%
Monster, 20th Century Boys Naoki Urasawa
39%
Black Clover Yuki Tabata
35%
Tokyo Ghoul, Choujin X Sui Ishida
30%
Dandadan Yukinobu Tatsu
30%
Fullmetal Alchemist Hiromu Arakawa
26%
Kimetsu no Yaiba Koyoharu Gotoge
26%
Vinland Saga Makoto Yukimura
26%
Kingdom Yasuhisa Hara
26%
Soul Eater, Fire Force Atsushi Okubo
22%
Tokyo Revengers Ken Wakui
22%
Oyasumi Punpun Inio Asano
13%
Nanatsu no Taizai Nakaba Suzuki
13%
Ascension, Innocent Shinichi Sakamoto
13%
Blame !, Biomega Tsutomu Nihei
13%
Akira Katsuhiro Otomo
9%
Sakamoto Days Yuto Suzuki
9%
Aucun quiz correspondant
Distribution des résultats
% des personnes avec chaque résultat
Percentile par nombre de réponses
Votre historique - résultats
Vous n’avez pas pris ce quiz depuis la dernière actualisation